A Passage to India (Record no. 298926)

000 -LEADER
fixed length control field 00335 a2200145 4500
001 - CONTROL NUMBER
control field 63853
020 ## - INTERNATIONAL STANDARD BOOK NUMBER
International Standard Book Number 9788126140237
082 ## - DEWEY DECIMAL CLASSIFICATION NUMBER
Classification number 823.91 FOR
090 ## - LOCALLY ASSIGNED LC-TYPE CALL NUMBER (OCLC); LOCAL CALL NUMBER (RLIN)
-- 37775
-- 37775
100 ## - MAIN ENTRY--PERSONAL NAME
Personal name Forster E.M
245 ## - TITLE STATEMENT
Title A Passage to India
260 ## - PUBLICATION, DISTRIBUTION, ETC.
Place of publication, distribution, etc. New Delhi
Name of publisher, distributor, etc. Anmol Publications
Date of publication, distribution, etc. 2009
300 ## - PHYSICAL DESCRIPTION
Extent 277 p
600 ## - SUBJECT ADDED ENTRY--PERSONAL NAME
Personal name Aditya Nandwani
942 ## - ADDED ENTRY ELEMENTS (KOHA)
Institution code [OBSOLETE] caenust
Call number prefix 823.91 FOR
Holdings
Withdrawn status Lost status Damaged status Not for loan Collection code Permanent Location Current Location Date acquired Total Checkouts Full call number Barcode Date last seen Price effective from Koha item type
          College of Aeronautical Engineering (CAE) College of Aeronautical Engineering (CAE) 04/03/2017   823.91 FOR CAE82090 04/05/2017 04/05/2017 Book
© 2023 Central Library, National University of Sciences and Technology. All Rights Reserved.